Statistics for -SS Vocabulary Words

Click here to take the quiz!

General Stats

  • This quiz has been taken 149 times
  • The average score is 12 of 20

Answer Stats

definitionword% Correct
teeth cleaning threadfloss
93%
sound a snake makeshiss
90%
duke's wifeduchess
87%
antonym of profitloss
87%
crossword directionacross
85%
to ownpossess
80%
complete happinessbliss
77%
unmarried womanmiss
75%
head person in ^^^boss
72%
extramarital lovermistress
71%
orchestral instrumentbass
70%
for-profit enterprisebusiness
63%
news mediapress
59%
a dozen dozen, ie 144gross
53%
Brenner or Khyber, egpass
44%
Federer or Hingis, egSwiss
41%
in poor tastecrass
24%
taking silly risksreckless
20%
bog; messy situationmorass
18%
upsetdistress
17%

Score Distribution

Percentile by Number Answered

Percent of People with Each Score

Your Score History

You have not taken this quiz